Návrh a realizácia regulačného obvodu dynamometra pre spaľovacie motory malých výkonov

Gespeichert in:
Bibliographische Detailangaben
1. Verfasser: Martiš, Daniel (Verfasst von)
Weitere Verfasser: Šlauka, Michal (Betreuung Doktorarbeit)
Format: Manuskript Buch
Sprache:Slowakisch
Veröffentlicht: 2023
Schlagworte:
Online-Zugang:http://is.stuba.sk/zp/portal_zp.pl?podrobnosti=162527
Tags: Tag hinzufügen
Keine Tags, Fügen Sie das erste Tag hinzu!

MARC

LEADER 00000ntm a22000003a 4500
001 stuzp94958
003 SK-STU
005 20240424093720.0
007 ta
008 150427s2015----xo-----f-mn---000-0-slo-d
040 |a STU  |b slo 
041 0 |a slo 
100 1 |a Martiš, Daniel  |u 020030  |4 aut  |U SjF Strojnícka fakulta  |T SjF Ústav dopravnej techniky a konštruovania  |X 110684  |U J0030  |Y 806  |7 110684 
242 0 1 |a Design and implementation of a dynamometer control circuit for small internal combustion engines  |y eng 
245 1 0 |a Návrh a realizácia regulačného obvodu dynamometra pre spaľovacie motory malých výkonov 
260 |c 2023 
650 4 |a Arduino  |2 slo 
650 4 |a snímač  |2 slo 
650 4 |a dynamometer  |2 slo 
650 4 |a alternátor  |2 slo 
650 4 |a meranie  |2 slo 
650 4 |a measurment  |2 eng 
650 4 |a dynamometer  |2 eng 
650 4 |a alternator  |2 eng 
650 4 |a Arduino  |2 eng 
650 4 |a sensor  |2 eng 
700 1 |a Šlauka, Michal  |u 020000  |k Z3  |4 ths  |T SjF Strojnícka fakulta  |X 44504  |U J  |Y 20  |7 A000044504 
856 4 |u http://is.stuba.sk/zp/portal_zp.pl?podrobnosti=162527 
996 |b 284J047508  |c J* 3630/DBP  |l JJSK  |s A  |a 24  |w stuzp94958_0001